00437nam a2200169Ia 4500003000400000008004100004040001600045082001800061100002000079245005100099260006300150300000800213650001000221650001200231650001400243650001000257GCL140319s9999 xx 000 0 eng d aGCL / cGCL04a962.6223bH F1 aHEWISON, R,NEIL10aThe Fayou Apractical guide / cHEWISON, R,NEIL a[S.N] : bTHE AMERICAN UNIVERSITY IN CAIRO PRESS ، c1989 a11504aEGYPT04aHISTORY04aMONUMENTS04aFAYUM